000 00274nam a22001217a 4500
008 170527b xxu||||| |||| 00| 0 eng d
041 _aeng
080 _a621.3
100 _a27
101 _aIM
245 _aPRINCIPLES OF ELECTRICAL ENGINEERING
_cTORO, D
942 _2udc
_cBK
999 _c14678
_d14678